[Event "Challenge"]
[Site "http://www.queenalice.com/game.php?id=1839393"]
[Date "2024.6.29"]
[Round "-"]
[White "Mr_SPOCK"]
[Black "mdfran72"]
[Result "0-1"]
[WhiteElo "1605"]
[BlackElo "1641"]

1. e4 d5 2. e5 Nc6 3. d4 e6 4. Bb5 Bd7 5. Nh3 f5 6. Bg5 Be7 7. f4 h6 8. Qh5+ Kf8
9. g4 Qe8 10. Qh4 Nxd4 11. Qf2 Nxb5 12. a4 hxg5 13. Nxg5 fxg4 14. Nd2 a6 15. h4
Na7 16. O-O-O Qg6 17. c4 Bxa4 18. Nxe6+ Qxe6 19. b3 Bc6 20. c5 Nb5 21. h5 Nh6
22. b4 Qf5 23. Nb3 Nc3 24. Kb2 Nxd1+ 25. Rxd1 b6 26. Nd4 Qxh5 27. Ne6+ Kf7 28.
Nd4 Ba4 29. e6+ Ke8 30. c6 Bxd1 31. Qg3 Nf5 32. Nxf5 Qxf5 33. Qf2 Rh3 34. Kc1
Ba4 35. Kd2 Bxb4+ 36. Ke2 Qd3# 0-1

[Event "Challenge"]
[Site "http://www.queenalice.com/game.php?id=1839698"]
[Date "2024.7.5"]
[Round "-"]
[White "AdilsonGomes"]
[Black "mdfran72"]
[Result "0-1"]
[WhiteElo "1445"]
[BlackElo "1642"]

1. e4 d5 2. exd5 Qxd5 3. Nc3 Qe5+ 4. Be2 c5 5. Nf3 Qe6 6. Nb5 Na6 7. O-O g6 8.
Nc3 Bg7 9. Ng5 Qf5 10. Nf3 Bxc3 11. dxc3 b6 12. Bb5+ Bd7 13. Bxa6 b5 14. Bb7 Rb8
15. Bd5 e6 16. Re1 Nf6 17. Re5 Qg4 0-1

[Event "Challenge"]
[Site "http://www.queenalice.com/game.php?id=1839699"]
[Date "2024.7.5"]
[Round "-"]
[White "mdfran72"]
[Black "AdilsonGomes"]
[Result "1-0"]
[WhiteElo "1650"]
[BlackElo "1437"]

1. d4 Nf6 2. d5 c6 3. dxc6 Nxc6 4. c4 g6 5. e3 Bg7 6. Nc3 O-O 7. f4 e6 8. Nf3 d5
9. cxd5 exd5 10. Be2 Ne4 11. Nxe4 dxe4 12. Nd2 Qh4+ 13. g3 Qe7 14. Qa4 Bh3 15.
Nxe4 Bg2 16. Rg1 Bxe4 17. Kf2 1-0

[Event "Challenge"]
[Site "http://www.queenalice.com/game.php?id=1840027"]
[Date "2024.7.9"]
[Round "-"]
[White "mdfran72"]
[Black "Mr_SPOCK"]
[Result "0-1"]
[WhiteElo "1661"]
[BlackElo "1584"]

1. d4 d5 2. e3 Nc6 3. Bb5 Bd7 4. Nc3 e6 5. f4 Bb4 6. Bd2 Nf6 7. Nf3 O-O 8. Ne5
Nxe5 9. fxe5 Ne4 10. Bxd7 Qxd7 11. Nxe4 Bxd2+ 12. Qxd2 dxe4 13. O-O-O Qa4 14. a3
b5 15. Qb4 Qa6 16. d5 Rac8 17. d6 c5 18. Qxe4 Rcd8 19. g4 c4 20. c3 Qa4 21. Qb7
g5 22. h4 Qb3 23. Qxa7 Qa2 24. Rd2 Qa1+ 25. Kc2 Qxh1 26. h5 Qe4+ 27. Kd1 Qxg4+
28. Kc2 Qf5+ 29. Kc1 Qxe5 30. d7 f5 31. Qd4 Qg3 32. h6 Rf7 33. Kc2 e5 34. Qc5
Qh4 35. Qxb5 Qxh6 36. Qxe5 Rfxd7 37. Rxd7 Rxd7 38. Qxf5 Qg6 39. Qxg6+ hxg6 40.
b4 g4 41. a4 g3 42. a5 g2 43. Kb2 g1=Q 44. e4 Rd2+ 45. Ka3 Qa1# 0-1

[Event "Challenge"]
[Site "http://www.queenalice.com/game.php?id=1840695"]
[Date "2024.7.22"]
[Round "-"]
[White "Mr_SPOCK"]
[Black "mdfran72"]
[Result "0-1"]
[WhiteElo "1651"]
[BlackElo "1662"]

1. e4 e5 2. Bc4 g6 3. Qf3 Nf6 4. d3 Bg7 5. Bg5 h6 6. Be3 g5 7. h3 d6 8. Nd2 c5
9. g4 a6 10. a4 Nc6 11. Ne2 Nb4 12. c3 Nc2+ 13. Kf1 Nxa1 14. Qg3 Nc2 15. Bb3
Nxe3+ 16. fxe3 Be6 17. c4 Qa5 18. Nc3 h5 19. Bd1 hxg4 20. h4 gxh4 21. Rxh4 Rxh4
22. Qxh4 O-O-O 23. Nb3 Qc7 24. a5 Rh8 25. Qf2 Rh3 26. Ne2 Qd8 27. Ng1 Rh5 28.
Ne2 Qh8 29. Ng3 Rh2 30. Qe1 Qh3+ 31. Kg1 Rg2+ 32. Kf1 Qxg3 33. Qxg3 Rxg3 34. Ke2
Bh6 35. Kd2 Rxe3 36. Kc3 g3 37. Kc2 g2 38. Nc1 g1=Q 39. Ne2 Qf2 40. Kb3 Rxd3+
41. Ka2 Rxd1 42. Nc3 Qf1 43. Nxd1 Qxd1 44. Ka3 Bxc4 45. b3 Qxb3# 0-1

[Event "Challenge"]
[Site "http://www.queenalice.com/game.php?id=1841346"]
[Date "2024.8.3"]
[Round "-"]
[White "zmanomega"]
[Black "mdfran72"]
[Result "1-0"]
[WhiteElo "1786"]
[BlackElo "1678"]

1. e4 e5 2. Nf3 d6 3. Bc4 Qd7 4. h3 Ne7 5. d4 f6 6. dxe5 dxe5 7. Nbd2 Nbc6 8. a3
a6 9. c3 b5 10. Bb3 g5 11. g4 Bg7 12. Qc2 Bb7 13. O-O O-O-O 14. Rd1 Qd3 15. Qxd3
Rxd3 16. Kg2 h6 17. a4 b4 18. Be6+ Kb8 19. c4 Rdd8 20. Bf7 Rhf8 21. Be6 Bc8 22.
Bxc8 Rxc8 23. Nb3 a5 24. Bd2 Rcd8 25. Nxa5 Nxa5 26. Bxb4 Nec6 27. Bxf8 Rxf8 28.
Nd2 Nd4 29. Rh1 Rd8 30. Raf1 Bf8 31. h4 Bb4 32. Rd1 Kc8 33. hxg5 hxg5 34. Nf3
Ne2 35. Rxd8+ Kxd8 36. Rh8+ Ke7 37. Rh7+ Kd6 38. Rf7 Nf4+ 39. Kh1 Ke6 40. Rxc7
Bd6 41. Rc8 Nd3 42. Nd2 Nxf2+ 43. Kg1 Nxg4 44. c5 Be7 45. b4 Nb7 46. a5 Kd7 47.
Rb8 Kc7 48. Ra8 Ne3 49. Nb3 Nc2 50. b5 Nxc5 51. Ra7+ Nb7 52. a6 Kb8 53. Rxb7+
Ka8 54. Rxe7 Nb4 55. a7 g4 56. Nc5 f5 57. b6 f4 58. Re8# 1-0

[Event "I messed that up bad lets go"]
[Site "http://www.queenalice.com/game.php?id=1842178"]
[Date "2024.8.19"]
[Round "-"]
[White "mdfran72"]
[Black "zmanomega"]
[Result "0-1"]
[WhiteElo "1616"]
[BlackElo "1784"]

1. d4 d5 2. f4 Bf5 3. e3 Nf6 4. Nf3 Ne4 5. Nbd2 f6 6. c4 Nc6 7. c5 Nxd2 8. Bxd2
Bg4 9. Be2 Bf5 10. Nh4 Be6 11. g4 g5 12. Ng2 gxf4 13. Nxf4 Bf7 14. Qb3 Rb8 15.
Bf3 e6 16. Nd3 b6 17. Qb5 Qd7 18. Nb4 Nxb4 19. Qxb4 a5 20. Qc3 Qc6 21. Be2 h6
22. b4 axb4 23. Qxb4 Bg6 24. Qb5 Qxb5 25. Bxb5+ Kf7 26. c6 h5 27. gxh5 Rxh5 28.
O-O-O Bd6 29. Kb2 Be4 30. Rhe1 Rxh2 31. a4 e5 32. Kb3 Re8 33. a5 exd4 34. exd4
Rh3+ 35. Re3 Rh7 36. a6 f5 37. Ree1 Ra8 38. Ra1 Rh3+ 39. Re3 Rh2 40. Bb4 Bc2+
41. Ka3 Bxb4+ 42. Kxb4 Be4 43. Rf1 Rb2+ 44. Rb3 Rd2 45. Kc3 Ra2 46. Bd3 R8xa6
47. Bxe4 dxe4 48. Rxf5+ Ke6 49. Re5+ Kd6 50. Rxe4 Kxc6 51. Kc4 R6a4+ 52. Rb4
Rc2+ 53. Kb3 Raa2 54. Re5 Rab2+ 55. Ka3 Rxb4 56. Kxb4 Rb2+ 57. Kc3 Rb5 58. Kc4
Ra5 59. Re6+ Kb7 60. Re5 Rxe5 61. dxe5 c6 62. Kd4 Kc7 63. Ke4 b5 64. Kd4 b4 65.
Kc4 c5 66. Kb3 Kd7 67. Kc4 Ke6 68. Kxc5 b3 69. Kd4 b2 70. Ke4 b1=Q+ 71. Kf4 Qb4+
72. Ke3 Kxe5 73. Kf3 Qe4+ 74. Kf2 Kf4 75. Kf1 Kg3 76. Kg1 Qg2# 0-1

[Event "Challenge"]
[Site "http://www.queenalice.com/game.php?id=1844722"]
[Date "2024.10.4"]
[Round "-"]
[White "Mr_SPOCK"]
[Black "mdfran72"]
[Result "1-0"]
[WhiteElo "1750"]
[BlackElo "1624"]

1. e4 g6 2. e5 Bg7 3. d4 f6 4. Nf3 f5 5. Bg5 h6 6. Be3 e6 7. Nc3 Ne7 8. Qd2 d5
9. exd6 Qxd6 10. Bf4 Qd7 11. Bb5 c6 12. Be2 Nd5 13. Be5 Nxc3 14. bxc3 b5 15. d5
exd5 16. O-O Qe7 17. Rae1 O-O 18. Bf4 Nd7 19. c4 bxc4 20. Be3 Ne5 21. Nd4 Bd7
22. c3 g5 23. g3 Ng6 24. Bh5 Be8 25. h4 Bxd4 26. Bxd4 Qh7 27. hxg5 hxg5 28. Qxg5
a5 29. Kg2 Kf7 30. Bxg6+ Qxg6 31. Re7+ 1-0

[Event "Challenge"]
[Site "http://www.queenalice.com/game.php?id=1845903"]
[Date "2024.10.21"]
[Round "-"]
[White "mdfran72"]
[Black "Mr_SPOCK"]
[Result "0-1"]
[WhiteElo "1613"]
[BlackElo "1719"]

1. d4 d5 2. e3 Bf5 3. Nd2 Nc6 4. f4 Nf6 5. Ngf3 e5 6. Nxe5 Nxe5 7. fxe5 Ne4 8.
Nxe4 Bxe4 9. c3 f6 10. b4 fxe5 11. Bb2 exd4 12. Qxd4 Qh4+ 13. Ke2 Qg4+ 14. Kf2
b6 15. Qd2 a6 16. Kg1 a5 17. b5 O-O-O 18. h3 Qg3 19. a4 Bc5 20. Re1 Rhf8 21. Bc1
Rd6 22. Qe2 Rdf6 23. Rh2 Rf2 24. Qg4+ Qxg4 25. hxg4 h6 26. Be2 Bd6 27. g3 Bxg3
28. Rxf2 Bxf2+ 29. Kf1 g6 30. Rd1 Kd7 31. Bd3 Bh4+ 32. Ke2 Bf3+ 33. Kd2 Bxd1 34.
Kxd1 Rf2 35. Bd2 Rg2 36. Be2 c5 37. bxc6+ Kxc6 38. Bf3 Rg1+ 39. Ke2 Ra1 40. e4
Rxa4 41. Bxh6 dxe4 42. Bg2 Kc5 43. Bd2 Kd5 44. Ke3 Bg5+ 45. Ke2 Ra2 46. Kf1 Bxd2
47. c4+ Kd4 48. Kf2 Bf4+ 49. Kg1 Ra1+ 50. Bf1 e3 51. Kg2 Ke4 52. Kg1 Kf3 0-1